[Event "VI Weekend A"]
[Site "Porto Sant'Elpidio ITA"]
[Date "2003.11.15"]
[Round "1"]
[White "Bruno, Fabio"]
[Black "Rinaudo, Sergio"]
[Result "1-0"]
[WhiteElo "2322"]
[BlackElo "1921"]
[PlyCount "45"]
[EventDate "2003.11.15"]

1. d4 d5 2. Nf3 Nf6 3. Bf4 e6 4. e3 Bd6 5. Ne5 Nbd7 6. Nd2 O-O 7. Bd3 b6 8. g4
Bxe5 9. dxe5 Ne8 10. g5 Nc5 11. Bf1 Bb7 12. Qf3 d4 13. e4 Qd7 14. h4 Qa4 15. b3
Qb4 16. Bd3 Qc3 17. Ke2 Nxd3 18. cxd3 c5 19. Nc4 Qb4 20. a4 Ba6 21. Bd2 Qxb3
22. Rhb1 Qc2 23. Rb2 1-0

[Event "VI Weekend A"]
[Site "Porto Sant'Elpidio ITA"]
[Date "2003.11.15"]
[Round "1"]
[White "Di Lascio, Savino"]
[Black "Di Donatantonio, Franco"]
[Result "0-1"]
[WhiteElo "2101"]
[BlackElo "1837"]
[PlyCount "40"]
[EventDate "2003.11.15"]

1. Nf3 Nf6 2. g3 c5 3. Bg2 g6 4. O-O Bg7 5. d3 O-O 6. e4 Nc6 7. c3 e5 8. a4 d6
9. Na3 h6 10. Nh4 Be6 11. f4 exf4 12. gxf4 Nxe4 13. dxe4 Qxh4 14. Qxd6 Rfd8 15.
Qxc5 Nd4 16. Be3 Ne2+ 17. Kh1 Ng3+ 18. Kg1 Nxf1 19. Rxf1 Bh3 20. Qb5 Qg4 0-1

[Event "VI Weekend A"]
[Site "Porto Sant'Elpidio ITA"]
[Date "2003.11.15"]
[Round "1"]
[White "Di Martino, Antonio"]
[Black "Di Matteo, Giovanni"]
[Result "0-1"]
[WhiteElo "2053"]
[BlackElo "1816"]
[PlyCount "114"]
[EventDate "2003.11.15"]

1. e4 e6 2. d4 d5 3. Nd2 dxe4 4. Nxe4 Nf6 5. Nxf6+ Qxf6 6. Nf3 Nd7 7. Bg5 Qf5
8. Bd3 Qa5+ 9. Qd2 Qxd2+ 10. Bxd2 Bd6 11. O-O-O a5 12. Rhe1 c6 13. c4 O-O 14.
g4 Bb4 15. h4 Bxd2+ 16. Rxd2 e5 17. dxe5 Nc5 18. g5 Be6 19. b3 a4 20. Bc2 axb3
21. axb3 b5 22. b4 Na4 23. cxb5 cxb5 24. Be4 Rfc8+ 25. Rc2 Rxc2+ 26. Bxc2 Nc3
27. Kd2 Na2 28. Rb1 Rd8+ 29. Ke3 Nc3 30. Rb2 Nd5+ 31. Ke4 Nc3+ 32. Kf4 Ne2+ 33.
Ke3 Nc3 34. Bb3 Bc4 35. Nd4 g6 36. f4 Rd7 37. Nc6 Rd3+ 38. Kf2 Ne4+ 39. Kg1
Rxb3 40. Rxb3 Bxb3 41. Kg2 Nc3 42. Nd4 Bd5+ 43. Kf2 Na2 44. Nxb5 Nxb4 45. Nd4
Kf8 46. f5 Nc6 47. Nxc6 Bxc6 48. fxg6 fxg6 49. Kg3 Ke7 50. Kg4 Bd7+ 51. Kf4 Bf5
52. h5 Ke6 53. hxg6 hxg6 54. Kg3 Kxe5 55. Kh4 Bd7 56. Kg3 Kf5 57. Kh4 Bb5 0-1

[Event "VI Weekend A"]
[Site "Porto Sant'Elpidio ITA"]
[Date "2003.11.15"]
[Round "1"]
[White "Fioravanti, Diego"]
[Black "Rotoni, Matteo"]
[Result "0-1"]
[WhiteElo "1879"]
[BlackElo "2105"]
[PlyCount "121"]
[EventDate "2003.11.15"]

1. e4 e6 2. d4 d5 3. Nc3 Bb4 4. Nge2 dxe4 5. a3 Be7 6. Nxe4 Nf6 7. Nxf6+ Bxf6
8. c3 e5 9. d5 O-O 10. Ng3 Be7 11. Bd3 f5 12. Qe2 Bd6 13. O-O e4 14. Bc4 Nd7
15. Qc2 Qh4 16. Re1 Nf6 17. Nf1 e3 18. Bd3 Ng4 19. Bxe3 Bxh2+ 20. Nxh2 Qxh2+
21. Kf1 Nxe3+ 22. fxe3 f4 23. Ke2 fxe3 24. Kd1 Rf2 25. Qa4 Qe5 26. Kc1 Bf5 27.
Qc4 Re8 28. Kb1 Bxd3+ 29. Qxd3 Rd2 30. Qc4 Qxd5 31. Qxd5+ Rxd5 32. Ka2 Rd2 33.
g4 e2 34. Kb3 Red8 35. Ra2 Kf7 36. a4 Kg6 37. a5 Re8 38. Raa1 Kg5 39. Rg1 Re4
40. Rae1 Rxg4 41. Rh1 h5 42. Rh2 Re4 43. c4 Re3+ 44. Kb4 Rxb2+ 45. Kc5 Rd2 46.
Rg2+ Kh6 47. Reg1 Re5+ 48. Kb4 g5 49. Re1 Re3 50. Rf2 h4 51. Kb5 g4 52. a6
bxa6+ 53. Kc6 g3 54. Rg2 h3 55. Rgg1 Red3 56. c5 Rc3 57. Ra1 g2 58. Rxa6 Rd1
59. Kxc7+ Kg5 60. Ra1 Rxg1 61. Rxg1 0-1

[Event "VI Weekend A"]
[Site "Porto Sant'Elpidio ITA"]
[Date "2003.11.15"]
[Round "1"]
[White "Fioravanti, Emidio"]
[Black "Miandro, Roberto"]
[Result "0-1"]
[WhiteElo "1813"]
[BlackElo "1936"]
[PlyCount "160"]
[EventDate "2003.11.15"]

1. e4 c5 2. Nf3 d6 3. d4 cxd4 4. Nxd4 Nf6 5. Nc3 a6 6. Bc4 b5 7. Bb3 Bb7 8. f3
Nbd7 9. Bf4 g6 10. Qd2 Bg7 11. Bh6 O-O 12. h4 Nc5 13. Bxg7 Kxg7 14. h5 Nxb3 15.
axb3 Rh8 16. h6+ Kf8 17. g4 e6 18. O-O-O Ne8 19. g5 Ke7 20. b4 Rc8 21. Nb3 Qb6
22. Rhe1 Rf8 23. Na5 Ba8 24. e5 Bxf3 25. exd6+ Qxd6 26. Qxd6+ Nxd6 27. Rd3 Ba8
28. Nb3 Rfd8 29. Nc5 a5 30. Nd5+ Bxd5 31. Rxd5 axb4 32. Nb3 Kf8 33. Rd3 Nf5 34.
Rf3 Ke7 35. Re5 Rd5 36. Re4 Rcd8 37. Re1 Nd4 38. Nxd4 Rxd4 39. Ref1 Rf8 40. Rf4
Rxf4 41. Rxf4 Rd8 42. Rxb4 Rd5 43. c4 Rxg5 44. cxb5 Kd7 45. b6 Kc8 46. Rc4+ Kb8
47. Rc7 Rf5 48. Re7 g5 49. Re8+ Kb7 50. Rh8 Rf6 51. Rxh7 Kxb6 52. Rh8 Kb7 53.
h7 Rh6 54. Rg8 Rxh7 55. Rxg5 Rh2 56. Rg7 Rf2 57. Kd1 Kc6 58. Ke1 Rf4 59. Ke2 f5
60. Ke3 Rb4 61. Rg2 Kd5 62. Kd3 e5 63. Kc3 Rb6 64. Rd2+ Ke4 65. Re2+ Kf4 66.
Rf2+ Kg4 67. Rg2+ Kf4 68. Rf2+ Kg4 69. b4 f4 70. Kc4 e4 71. Kc5 Rb8 72. b5 e3
73. Rg2+ Kf3 74. Rh2 e2 75. Rh1 Ke3 76. b6 f3 77. Kc6 f2 78. Rh3+ Kd2 79. Ra3
e1=Q 80. Kc7 Qe5+ 0-1

[Event "VI Weekend A"]
[Site "Porto Sant'Elpidio ITA"]
[Date "2003.11.15"]
[Round "1"]
[White "Rastelli, Michele"]
[Black "Bartolozzi, Roberto"]
[Result "0-1"]
[WhiteElo "1837"]
[BlackElo "2066"]
[PlyCount "54"]
[EventDate "2003.11.15"]

1. d4 e6 2. Nf3 d5 3. Bf4 Nf6 4. Nbd2 c5 5. c3 Nc6 6. e3 Bd6 7. Bxd6 Qxd6 8. a3
O-O 9. Bd3 e5 10. dxe5 Nxe5 11. Nxe5 Qxe5 12. Nf3 Qc7 13. h3 Re8 14. O-O Ne4
15. Qc2 Bd7 16. Rac1 Rac8 17. c4 Bc6 18. cxd5 Bxd5 19. b4 c4 20. Bxe4 Bxe4 21.
Qa4 Bxf3 22. gxf3 a6 23. b5 axb5 24. Qxb5 Re5 25. Qb4 Rg5+ 26. Kh1 Qd7 27. Kh2
Rh5 0-1

[Event "VI Weekend A"]
[Site "Porto Sant'Elpidio ITA"]
[Date "2003.11.15"]
[Round "1"]
[White "Rinaudo, Andrea"]
[Black "Luzi, Alessandro"]
[Result "0-1"]
[WhiteElo "1933"]
[BlackElo "1759"]
[PlyCount "40"]
[EventDate "2003.11.15"]

1. e4 e5 2. Nf3 Nc6 3. Nc3 Nf6 4. Bb5 d6 5. d4 exd4 6. Nxd4 Bd7 7. Nxc6 bxc6 8.
Bc4 Be7 9. O-O O-O 10. f4 Bg4 11. Qd3 Be6 12. Bxe6 fxe6 13. e5 dxe5 14. fxe5
Bc5+ 15. Kh1 Qxd3 16. cxd3 Ng4 17. Rxf8+ Rxf8 18. g3 Rf2 19. Kg1 Nxe5 20. Ne4
Nf3+ 0-1

[Event "VI Weekend A"]
[Site "Porto Sant'Elpidio ITA"]
[Date "2003.11.16"]
[Round "2"]
[White "Di Lascio, Savino"]
[Black "Rinaudo, Andrea"]
[Result "1/2-1/2"]
[WhiteElo "2101"]
[BlackElo "1933"]
[PlyCount "120"]
[EventDate "2003.11.15"]

1. Nf3 f5 2. g3 Nc6 3. Bg2 e5 4. d3 Nf6 5. O-O Be7 6. c3 O-O 7. b4 a6 8. Bb2 d5
9. a4 e4 10. Ne1 Be6 11. Nc2 Qd7 12. Nd2 Bd6 13. Nb3 b6 14. Ncd4 Nxd4 15. Nxd4
c5 16. bxc5 bxc5 17. Nxe6 Qxe6 18. Qb3 Rab8 19. Qa2 h6 20. Rab1 Kh7 21. Ba3 Qd7
22. Qc2 Qc6 23. Bh3 g6 24. f3 exd3 25. exd3 f4 26. g4 Rxb1 27. Rxb1 Re8 28. d4
Re3 29. Qb3 Kh8 30. Qb6 Qxb6 31. Rxb6 Be7 32. dxc5 Rxc3 33. Re6 Rxa3 34. Rxe7
Rc3 35. Re6 Kg7 36. c6 Kf7 37. Re5 Rxc6 38. Bf1 a5 39. h4 Rd6 40. Bd3 Nd7 41.
Re2 Nb6 42. Bb5 g5 43. hxg5 hxg5 44. Re5 Kf6 45. Rf5+ Kg6 46. Be8+ Kh6 47. Kf2
Nc4 48. Bf7 Nb2 49. Bxd5 Nxa4 50. Be4 Nc3 51. Rxa5 Nxe4+ 52. fxe4 Rd3 53. Ra1
Re3 54. Ra6+ Kg7 55. Ra5 Kf6 56. Rf5+ Kg6 57. e5 Rg3 58. Rf6+ Kg7 59. Ra6 Re3
60. Ra5 Kg6 1/2-1/2

[Event "VI Weekend A"]
[Site "Porto Sant'Elpidio ITA"]
[Date "2003.11.16"]
[Round "2"]
[White "Di Martino, Antonio"]
[Black "Fioravanti, Diego"]
[Result "0-1"]
[WhiteElo "2053"]
[BlackElo "1879"]
[PlyCount "80"]
[EventDate "2003.11.15"]

1. e4 e5 2. Nf3 Nc6 3. Bb5 a6 4. Ba4 Nf6 5. O-O Be7 6. Re1 b5 7. Bb3 O-O 8. c3
d5 9. exd5 Nxd5 10. d4 exd4 11. Nxd4 Nxd4 12. cxd4 Bb7 13. Nc3 Nxc3 14. bxc3
Bd6 15. Qh5 Qd7 16. Bd2 Rfe8 17. Bc2 g6 18. Qh4 Bf8 19. f4 c5 20. Be3 Bg7 21.
Qf2 Rac8 22. Rad1 cxd4 23. cxd4 Rc3 24. Qd2 Qc7 25. Bb1 Be4 26. Bf2 f5 27. d5
Rc4 28. d6 Qd7 29. a3 Bc3 30. Bxe4 Bxd2 31. Bd5+ Kg7 32. Rxe8 Qxe8 33. Bxc4
Bxf4 34. d7 Qd8 35. Bd4+ Kh6 36. Be6 Bc7 37. Kf1 Qe7 38. Be3+ g5 39. Bxf5 Qxe3
40. h3 Qf4+ 0-1

[Event "VI Weekend A"]
[Site "Porto Sant'Elpidio ITA"]
[Date "2003.11.16"]
[Round "2"]
[White "Luzi, Alessandro"]
[Black "Fioravanti, Emidio"]
[Result "1-0"]
[WhiteElo "1759"]
[BlackElo "1813"]
[PlyCount "120"]
[EventDate "2003.11.15"]

1. e4 c5 2. Nf3 d6 3. d4 cxd4 4. Nxd4 Nf6 5. Nc3 g6 6. Be3 Bg7 7. f3 O-O 8. Qd2
Re8 9. Bc4 a6 10. g4 Nc6 11. h4 Ne5 12. Bb3 Nexg4 13. fxg4 Bxg4 14. Nde2 Qa5
15. O-O-O Rac8 16. Rdf1 e6 17. Kb1 d5 18. exd5 exd5 19. Nd4 Rxc3 20. bxc3 Ne4
21. Qd3 Nxc3+ 22. Kc1 Qa3+ 23. Kd2 Ne4+ 24. Ke1 Qb4+ 25. c3 Nxc3 26. Kf2 Ne4+
27. Kg2 Qd6 28. Bf4 Qd7 29. Nc2 Nf6 30. Re1 Rc8 31. Ne3 d4 32. Nc4 Nh5 33. Bd2
Qc6+ 34. Qe4 Qxe4+ 35. Rxe4 Bf5 36. Re7 Rd8 37. Rhe1 Nf6 38. Ne5 Be4+ 39. Kg1
Nd5 40. Nxf7 Kf8 41. Nxd8 Nxe7 42. Ne6+ Kf7 43. Nxg7+ Kxg7 44. Rxe4 Nf5 45. Be6
Ng3 46. Re1 Kf6 47. Bg5+ Kg7 48. Bg4 h5 49. Kg2 Nf5 50. Bxf5 gxf5 51. Re7+ Kg6
52. Rxb7 f4 53. Rd7 Kf5 54. Rxd4 a5 55. Rxf4+ Ke5 56. Ra4 Kf5 57. Rxa5+ Ke4 58.
Ra8 Kd5 59. a4 Kc6 60. a5 Kb7 1-0

[Event "VI Weekend A"]
[Site "Porto Sant'Elpidio ITA"]
[Date "2003.11.16"]
[Round "2"]
[White "Miandro, Roberto"]
[Black "Bruno, Fabio"]
[Result "0-1"]
[WhiteElo "1936"]
[BlackElo "2322"]
[PlyCount "68"]
[EventDate "2003.11.15"]

1. c4 e6 2. Nf3 d5 3. g3 Nf6 4. Bg2 Be7 5. O-O O-O 6. b3 a5 7. Nc3 Nbd7 8. d3
Nc5 9. Bb2 a4 10. Qc2 c6 11. d4 a3 12. dxc5 axb2 13. Qxb2 Bxc5 14. Na4 Be7 15.
c5 Nd7 16. Qc2 Qa5 17. Rac1 Qb4 18. e3 e5 19. Rfd1 Qa3 20. Nd2 e4 21. f4 Rxa4
22. Nb1 Qxc5 23. Qe2 Rxa2 24. Qxa2 Qxe3+ 25. Kh1 Nc5 26. Rc3 Nd3 27. Rcxd3 exd3
28. Qd2 Qxd2 29. Rxd2 Bb4 30. Rxd3 Re8 31. Rd1 Re2 32. h3 h5 33. Rc1 Re3 34.
Kh2 Bf5 0-1

[Event "VI Weekend A"]
[Site "Porto Sant'Elpidio ITA"]
[Date "2003.11.16"]
[Round "2"]
[White "Rinaudo, Sergio"]
[Black "Rastelli, Michele"]
[Result "1-0"]
[WhiteElo "1921"]
[BlackElo "1837"]
[PlyCount "49"]
[EventDate "2003.11.15"]

1. d4 d5 2. Nf3 Nf6 3. e3 e6 4. Bd3 Bd6 5. b3 O-O 6. Nbd2 c5 7. Bb2 Nc6 8. O-O
b6 9. a3 Bb7 10. Ne5 Bxe5 11. dxe5 Nd7 12. f4 Re8 13. Qh5 Nf8 14. Rf3 g6 15.
Qh6 Ne7 16. g4 Qd7 17. Rg3 b5 18. f5 exf5 19. e6 Nxe6 20. gxf5 Nf8 21. f6 Ne6
22. fxe7 Rxe7 23. Qxh7+ Kxh7 24. Rh3+ Kg8 25. Rh8# 1-0

[Event "VI Weekend A"]
[Site "Porto Sant'Elpidio ITA"]
[Date "2003.11.16"]
[Round "2"]
[White "Rotoni, Matteo"]
[Black "Di Donatantonio, Franco"]
[Result "0-1"]
[WhiteElo "2105"]
[BlackElo "1837"]
[PlyCount "72"]
[EventDate "2003.11.15"]

1. e4 c5 2. d4 b6 3. Nf3 e6 4. Nc3 Bb7 5. Bd3 cxd4 6. Nxd4 Nc6 7. Nxc6 Bxc6 8.
O-O Qc7 9. Qe2 d6 10. Nd5 Qd7 11. Nb4 Ne7 12. Bg5 f6 13. Nxc6 Nxc6 14. Be3 Be7
15. f4 O-O 16. c3 Rac8 17. Rad1 Qc7 18. Rf3 Rfe8 19. Rh3 Bf8 20. f5 Ne5 21. Qh5
h6 22. Bc2 Kh8 23. Bb3 Nc4 24. Bc1 Qc5+ 25. Kh1 exf5 26. exf5 Qf2 27. Qh4 Re2
28. Qxf2 Rxf2 29. Rf3 Re2 30. Bxc4 Rxc4 31. Kg1 Rce4 32. Rfd3 d5 33. Bd2 Bc5+
34. Kh1 Rf2 35. b4 Bd6 36. Rf3 Rxd2 0-1

[Event "VI Weekend A"]
[Site "Porto Sant'Elpidio ITA"]
[Date "2003.11.16"]
[Round "3"]
[White "Bruno, Fabio"]
[Black "Luzi, Alessandro"]
[Result "1-0"]
[WhiteElo "2322"]
[BlackElo "1759"]
[PlyCount "75"]
[EventDate "2003.11.15"]

1. d4 Nf6 2. Bg5 Ne4 3. Bh4 g6 4. Qd3 d5 5. f3 Nd6 6. e4 dxe4 7. fxe4 Bg7 8.
Nf3 O-O 9. Nbd2 Nc6 10. c3 Bd7 11. Qc2 a6 12. Bd3 b5 13. a3 Qe8 14. O-O e5 15.
d5 Ne7 16. a4 f6 17. axb5 Bxb5 18. c4 Bd7 19. c5 Nb5 20. c6 Bg4 21. Bxb5 axb5
22. Rxa8 Qxa8 23. Nxe5 fxe5 24. Bxe7 Rxf1+ 25. Nxf1 Kf7 26. Bc5 Qa4 27. Qxa4
bxa4 28. Kf2 Bh6 29. Ne3 Bxe3+ 30. Bxe3 Ke7 31. Bg5+ Kd6 32. Bf6 Bd1 33. Ke3
Bc2 34. Bg7 Ke7 35. Bxe5 Kd8 36. g4 Bb1 37. Bf6+ Kc8 38. g5 1-0

[Event "VI Weekend A"]
[Site "Porto Sant'Elpidio ITA"]
[Date "2003.11.16"]
[Round "3"]
[White "Di Donatantonio, Franco"]
[Black "Bartolozzi, Roberto"]
[Result "1/2-1/2"]
[WhiteElo "1837"]
[BlackElo "2066"]
[PlyCount "29"]
[EventDate "2003.11.15"]

1. e4 e6 2. d3 d5 3. Nd2 c5 4. Ngf3 Nc6 5. g3 Bd6 6. Bg2 Nge7 7. O-O O-O 8. Re1
f6 9. c3 d4 10. Qc2 e5 11. Nf1 Be6 12. a3 Qd7 13. c4 a6 14. Bd2 b5 15. b3
1/2-1/2

[Event "VI Weekend A"]
[Site "Porto Sant'Elpidio ITA"]
[Date "2003.11.16"]
[Round "3"]
[White "Di Matteo, Giovanni"]
[Black "Rotoni, Matteo"]
[Result "0-1"]
[WhiteElo "1816"]
[BlackElo "2105"]
[PlyCount "102"]
[EventDate "2003.11.15"]

1. d4 Nf6 2. Nf3 c5 3. e3 e6 4. c4 d5 5. Nc3 Nc6 6. a3 a6 7. Be2 Be7 8. O-O O-O
9. dxc5 Bxc5 10. b4 Bd6 11. cxd5 exd5 12. Bb2 Bf5 13. Nd4 Bg6 14. Bf3 Rc8 15.
Rc1 Ne5 16. Be2 Bb8 17. Nf3 Nc4 18. Na4 b5 19. Bxf6 Qxf6 20. Nc5 Rfd8 21. Nb7
Re8 22. Nc5 Ba7 23. Nb3 Be4 24. Nbd4 Nxa3 25. Ra1 Bxd4 26. Qxd4 Qxd4 27. Nxd4
Nc2 28. Rxa6 Nxd4 29. exd4 Bxg2 30. Bxb5 Bxf1 31. Bxf1 Re4 32. b5 Rxd4 33. Rd6
g6 34. h3 Rd1 35. Kg2 Rcc1 36. b6 Rxf1 37. b7 Rg1+ 38. Kh2 Rh1+ 39. Kg2 Rcg1+
40. Kf3 Rxh3+ 41. Ke2 Rb3 42. Rd8+ Kg7 43. b8=Q Rxb8 44. Rxb8 h5 45. Rd8 Rg5
46. f4 Rf5 47. Ke3 h4 48. Ra8 f6 49. Rb8 g5 50. fxg5 fxg5 51. Rb6 h3 0-1

[Event "VI Weekend A"]
[Site "Porto Sant'Elpidio ITA"]
[Date "2003.11.16"]
[Round "3"]
[White "Fioravanti, Diego"]
[Black "Miandro, Roberto"]
[Result "1-0"]
[WhiteElo "1879"]
[BlackElo "1936"]
[PlyCount "89"]
[EventDate "2003.11.15"]

1. e4 c5 2. Nf3 d6 3. d4 cxd4 4. Nxd4 Nf6 5. Nc3 a6 6. Bc4 e6 7. Bb3 Be7 8. Be3
Nc6 9. O-O O-O 10. f3 Qc7 11. Qd2 Rd8 12. Rad1 Rb8 13. Qf2 b5 14. Nce2 Ne5 15.
g4 Nc4 16. Bxc4 bxc4 17. b3 g6 18. g5 Nh5 19. Ng3 Nxg3 20. hxg3 e5 21. Ne2 Bh3
22. Rfe1 Be6 23. Kg2 d5 24. exd5 Bxd5 25. Rh1 f6 26. gxf6 Bxf6 27. Nc3 Ba8 28.
Rxd8+ Bxd8 29. Ne4 Bxe4 30. fxe4 Qc6 31. Qf3 Be7 32. Bh6 cxb3 33. cxb3 Qe6 34.
Qe3 Rd8 35. Rc1 Qd7 36. Rc2 Bb4 37. Qb6 Qd6 38. Qa7 Rd7 39. Rc8+ Kf7 40. Rf8+
Ke6 41. Qf2 Re7 42. Rf6+ Kd7 43. Rxd6+ Bxd6 44. Qa7+ Ke6 45. Qxa6 1-0

[Event "VI Weekend A"]
[Site "Porto Sant'Elpidio ITA"]
[Date "2003.11.16"]
[Round "3"]
[White "Fioravanti, Emidio"]
[Black "Di Martino, Antonio"]
[Result "1-0"]
[WhiteElo "1813"]
[BlackElo "2053"]
[PlyCount "107"]
[EventDate "2003.11.15"]

1. e4 e6 2. d4 d5 3. e5 c5 4. Qg4 cxd4 5. Nf3 Ne7 6. Bd3 Nbc6 7. O-O Ng6 8. Re1
Qc7 9. Qg3 Bb4 10. Bd2 Bxd2 11. Nbxd2 O-O 12. Nb3 Qb6 13. h4 f5 14. h5 Nh8 15.
Re2 a5 16. a4 Nf7 17. Ng5 Nxg5 18. Qxg5 Bd7 19. h6 g6 20. f4 Nb4 21. Rd2 Rac8
22. Kh2 Nxd3 23. Rxd3 Rxc2 24. Nxd4 Rcc8 25. b3 Qd8 26. Qg3 Qe7 27. Qe1 b6 28.
Nf3 Rc2 29. Nd4 Rc7 30. Qf2 Rfc8 31. Nf3 Qc5 32. Qh4 Qf8 33. Rad1 b5 34. Nd4
bxa4 35. bxa4 Rc4 36. Ra1 Qd8 37. Qg3 Rb8 38. Qf2 Rbb4 39. g3 Qb6 40. Rad1 Bxa4
41. R1d2 Bd7 42. g4 Qd8 43. gxf5 exf5 44. e6 Be8 45. Qe1 Qf6 46. Ne2 Re4 47.
Rxd5 Rxe6 48. Qf2 a4 49. Nd4 Re7 50. Nc2 Rbe4 51. Rd6 Qxd6 52. Rxd6 Re2 53. Rd2
Rxf2+ 54. Rxf2 1-0

[Event "VI Weekend A"]
[Site "Porto Sant'Elpidio ITA"]
[Date "2003.11.16"]
[Round "3"]
[White "Rastelli, Michele"]
[Black "Di Lascio, Savino"]
[Result "1-0"]
[WhiteElo "1837"]
[BlackElo "2101"]
[PlyCount "83"]
[EventDate "2003.11.15"]

1. d4 Nf6 2. Nf3 b6 3. Bg5 Ne4 4. Bh4 d5 5. c4 Bb7 6. Nc3 f6 7. e3 g5 8. Nxg5
fxg5 9. Qh5+ Kd7 10. cxd5 Kc8 11. Nxe4 gxh4 12. Bc4 Nd7 13. Qf5 Kb8 14. Ng5 Bg7
15. Ne6 Qg8 16. Qf4 Be5 17. dxe5 Qxg2 18. Kd2 Bxd5 19. Rhg1 Qe4 20. Qxe4 Bxe4
21. f4 c5 22. Rg7 Bc6 23. Rag1 b5 24. Bd3 Kb7 25. Rxe7 Kb6 26. Bxh7 Rab8 27.
Rgg7 Rb7 28. Bf5 a5 29. Ng5 Nb8 30. Rxb7+ Bxb7 31. Be4 Rd8+ 32. Ke2 Ba6 33. e6
b4+ 34. Ke1 a4 35. e7 Rc8 36. Bf5 Rh8 37. Nf7 Re8 38. Nd6 Bb5 39. Nxb5 Kxb5 40.
Bg6 Rxe7 41. Rxe7 Nc6 42. Be8 1-0

[Event "VI Weekend A"]
[Site "Porto Sant'Elpidio ITA"]
[Date "2003.11.22"]
[Round "4"]
[White "Bartolozzi, Roberto"]
[Black "Fioravanti, Diego"]
[Result "1/2-1/2"]
[WhiteElo "2066"]
[BlackElo "1879"]
[PlyCount "77"]
[EventDate "2003.11.15"]

1. Nf3 d5 2. d4 Nf6 3. Bg5 e6 4. Nbd2 c5 5. e3 Nc6 6. c3 Bd6 7. Bd3 O-O 8. O-O
h6 9. Bh4 Bd7 10. Re1 e5 11. dxe5 Bxe5 12. Nxe5 Nxe5 13. Be2 Bc6 14. Qc2 Qe7
15. Nf3 Ng6 16. Bg3 Rad8 17. Bd3 Ne4 18. Nd2 h5 19. Bf4 Nh4 20. Nxe4 dxe4 21.
Be2 Rd5 22. Rad1 Rfd8 23. Rxd5 Rxd5 24. Rd1 Rf5 25. Qd2 Rd5 26. Qe1 Rf5 27. Rd2
Nxg2 28. Kxg2 Rxf4 29. exf4 e3+ 30. Bf3 exd2 31. Qxd2 Bxf3+ 32. Kxf3 Qe6 33.
Qd8+ Kh7 34. Qg5 Qh3+ 35. Qg3 Qf1 36. Qg5 Qh1+ 37. Ke3 Qe1+ 38. Kf3 Qd1+ 39.
Ke3 1/2-1/2

[Event "VI Weekend A"]
[Site "Porto Sant'Elpidio ITA"]
[Date "2003.11.22"]
[Round "4"]
[White "Di Donatantonio, Franco"]
[Black "Bruno, Fabio"]
[Result "0-1"]
[WhiteElo "1837"]
[BlackElo "2322"]
[PlyCount "48"]
[EventDate "2003.11.15"]

1. e4 c5 2. Nf3 Nc6 3. Bb5 e6 4. Bxc6 bxc6 5. d3 Qc7 6. O-O e5 7. Nc3 Ne7 8.
Qe2 Ng6 9. g3 d6 10. Ne1 Bh3 11. Ng2 Be7 12. f4 exf4 13. Bxf4 Bf6 14. e5 Bxe5
15. Ne4 O-O 16. c3 Rae8 17. Qh5 Bxg2 18. Kxg2 Bxf4 19. gxf4 d5 20. f5 dxe4 21.
fxg6 hxg6 22. Qxc5 exd3 23. Rae1 Rxe1 24. Rxe1 d2 0-1

[Event "VI Weekend A"]
[Site "Porto Sant'Elpidio ITA"]
[Date "2003.11.22"]
[Round "4"]
[White "Di Lascio, Savino"]
[Black "Di Martino, Antonio"]
[Result "1-0"]
[WhiteElo "2101"]
[BlackElo "2053"]
[PlyCount "69"]
[EventDate "2003.11.15"]

1. Nf3 d5 2. g3 Nf6 3. Bg2 c5 4. O-O Nc6 5. d3 e5 6. Nbd2 Bd7 7. e4 dxe4 8.
dxe4 b5 9. a4 a6 10. c4 b4 11. Qe2 Qc7 12. Nb3 Be7 13. Be3 Nd4 14. Bxd4 cxd4
15. Nfxd4 Rc8 16. Nf5 Bxf5 17. exf5 Qxc4 18. Qxc4 Rxc4 19. Bb7 Rc2 20. Bxa6
Rxb2 21. Bb5+ Kd8 22. Rfd1+ Kc7 23. Rac1+ Kb8 24. Na5 Rc8 25. Rxc8+ Kxc8 26.
Rc1+ Kb8 27. Nc6+ Kb7 28. Nxe7 b3 29. a5 Rc2 30. Rb1 b2 31. Kg2 Ng4 32. a6+ Ka7
33. Bd3 Rc3 34. Be2 Rb3 35. Nc8+ 1-0

[Event "VI Weekend A"]
[Site "Porto Sant'Elpidio ITA"]
[Date "2003.11.22"]
[Round "4"]
[White "Miandro, Roberto"]
[Black "Rastelli, Michele"]
[Result "0-1"]
[WhiteElo "1936"]
[BlackElo "1837"]
[PlyCount "92"]
[EventDate "2003.11.15"]

1. c4 e6 2. Nf3 d5 3. g3 Nd7 4. Bg2 c6 5. b3 Ngf6 6. Bb2 Bd6 7. d3 O-O 8. O-O
Re8 9. Nbd2 Qe7 10. Qc2 Nf8 11. d4 c5 12. e3 b6 13. Rac1 Bb7 14. Qb1 Rac8 15.
Rfe1 Red8 16. Rcd1 N8d7 17. Ne5 cxd4 18. exd4 Ba3 19. Ba1 Nxe5 20. dxe5 Ne8 21.
cxd5 Bxd5 22. Ne4 Qb7 23. h3 Rd7 24. Ng5 h6 25. Qh7+ Kf8 26. Bxd5 Rxd5 27. Ne4
Rcd8 28. Nd6 Bxd6 29. exd6 f6 30. Rc1 R5xd6 31. Bb2 Kf7 32. Qc2 Rd2 33. Qc3
R8d3 34. Qxd3 Rxd3 35. Rc2 Qd5 36. Rce2 e5 37. Ba3 Nc7 38. Bc1 Ne6 39. Be3 Nd4
40. Bxd4 Qxd4 41. Re4 Qb2 42. R1e2 Rd2 43. Kf1 Qc2 44. Rxd2 Qxd2 45. Rc4 Qxa2
46. Rc7+ Kg6 0-1

[Event "VI Weekend A"]
[Site "Porto Sant'Elpidio ITA"]
[Date "2003.11.22"]
[Round "4"]
[White "Rinaudo, Andrea"]
[Black "Fioravanti, Emidio"]
[Result "0-1"]
[WhiteElo "1933"]
[BlackElo "1813"]
[PlyCount "118"]
[EventDate "2003.11.15"]

1. e4 c5 2. Nf3 d6 3. d4 cxd4 4. Nxd4 Nf6 5. Nc3 g6 6. Be2 Bg7 7. Be3 O-O 8.
Qd2 Nc6 9. O-O a6 10. h3 Qc7 11. f4 Rd8 12. Nb3 e6 13. Bf3 b5 14. a3 Bb7 15.
Ne2 Ne7 16. Qd3 Rac8 17. c3 d5 18. e5 Nd7 19. Ned4 Nb6 20. Rfb1 Nc4 21. Bf2 Bh6
22. g3 Nb6 23. h4 Kh8 24. Kg2 Rg8 25. Re1 Nc4 26. Re2 Nb6 27. Be3 Na4 28. g4
Ba8 29. Rh1 Nc6 30. g5 Bf8 31. h5 Nxd4 32. Nxd4 Nc5 33. Qb1 Qd7 34. Kg3 Rg7 35.
Reh2 Ne4+ 36. Kg2 Bc5 37. Rh3 Bxd4 38. Bxd4 Nd2 39. Qd1 Nxf3 40. Qxf3 Rc4 41.
Kf2 a5 42. Qd3 b4 43. axb4 axb4 44. Ra1 Bb7 45. Ra7 bxc3 46. bxc3 Ra4 47. Rxa4
Qxa4 48. Ke3 Ba6 49. Qb1 Qc4 50. Qb2 Qf1 51. Rh2 Qe1+ 52. Kf3 Qf1+ 53. Kg3 Bd3
54. Qd2 Be4 55. Bf2 Rg8 56. Qb2 Qd3+ 57. Kh4 Qf3 58. Be1 Bf5 59. Rg2 Qh3# 0-1

[Event "VI Weekend A"]
[Site "Porto Sant'Elpidio ITA"]
[Date "2003.11.22"]
[Round "4"]
[White "Rinaudo, Sergio"]
[Black "Di Matteo, Giovanni"]
[Result "1-0"]
[WhiteElo "1921"]
[BlackElo "1816"]
[PlyCount "65"]
[EventDate "2003.11.15"]

1. d4 e6 2. Nf3 c5 3. c3 d5 4. g3 Nc6 5. Bg2 Bd6 6. O-O f5 7. dxc5 Bxc5 8. Bf4
Nf6 9. Nbd2 O-O 10. b4 Bd6 11. Bxd6 Qxd6 12. b5 Na5 13. Qa4 Qc7 14. Rfc1 Bd7
15. Qb4 Qb6 16. a4 Ne4 17. e3 a6 18. Nxe4 fxe4 19. Ne5 Be8 20. bxa6 Qxb4 21.
cxb4 Nb3 22. axb7 Rb8 23. Rc8 Rxb7 24. Ra3 Rxb4 25. Bh3 Bf7 26. Rc7 Bh5 27.
Bxe6+ Kh8 28. g4 Bg6 29. Bxd5 Nd2 30. Kg2 Rb1 31. Ra2 Nf1 32. Bc4 Nxe3+ 33.
fxe3 1-0

[Event "VI Weekend A"]
[Site "Porto Sant'Elpidio ITA"]
[Date "2003.11.22"]
[Round "4"]
[White "Rotoni, Matteo"]
[Black "Luzi, Alessandro"]
[Result "1-0"]
[WhiteElo "2105"]
[BlackElo "1759"]
[PlyCount "41"]
[EventDate "2003.11.15"]

1. e4 e5 2. Nf3 d6 3. d4 exd4 4. Nxd4 g6 5. Be3 Bg7 6. Nc3 Nf6 7. f3 O-O 8. Qd2
Re8 9. O-O-O Nc6 10. h4 Ne5 11. Bh6 Bh8 12. Bg5 Be6 13. h5 Qd7 14. Bh6 a6 15.
Qg5 c5 16. Nxe6 Qxe6 17. f4 Neg4 18. f5 Qe5 19. hxg6 hxg6 20. Bc4 Kh7 21. Bxf7
1-0

[Event "VI Weekend A"]
[Site "Porto Sant'Elpidio ITA"]
[Date "2003.11.23"]
[Round "5"]
[White "Bruno, Fabio"]
[Black "Rotoni, Matteo"]
[Result "1-0"]
[WhiteElo "2322"]
[BlackElo "2105"]
[PlyCount "103"]
[EventDate "2003.11.15"]

1. d4 Nf6 2. Bg5 d5 3. e3 Nbd7 4. Nf3 h6 5. Bxf6 exf6 6. c4 dxc4 7. Bxc4 Nb6 8.
Bd3 f5 9. Qc2 g6 10. Nbd2 Bg7 11. Nc4 Nd5 12. g3 c6 13. a3 Be6 14. Nce5 Qa5+
15. Ke2 Nf6 16. h4 Ne4 17. Bc4 Bd5 18. b4 Qd8 19. Bxd5 Qxd5 20. Qc4 Nf6 21.
Qxd5 Nxd5 22. Rhc1 Bf8 23. Rab1 a6 24. Nd3 a5 25. b5 Bxa3 26. bxc6 bxc6 27.
Rxc6 O-O 28. Rb5 Rfd8 29. Nfe5 Ra7 30. Rc4 Nb4 31. Rcxb4 axb4 32. Nc6 Rda8 33.
Nxa7 Rxa7 34. h5 Kg7 35. Kf3 g5 36. Rxf5 Rb7 37. Nc5 Rb6 38. Nb3 Rf6 39. Rxf6
Kxf6 40. Ke4 Bb2 41. g4 Ke6 42. f4 gxf4 43. exf4 f5+ 44. gxf5+ Kf6 45. d5 Ke7
46. Nd4 Kd6 47. f6 b3 48. Nf5+ Kd7 49. f7 Ba3 50. Kd3 Bb4 51. d6 Bxd6 52. Nxd6
1-0